Diccionario jurídico de interpretación y argumentación / (Record no. 136095)

MARC details
000 -LEADER
fixed length control field nam a22 7a 4500
005 - DATE AND TIME OF LATEST TRANSACTION
control field 20170817082913.0
008 - FIXED-LENGTH DATA ELEMENTS--GENERAL INFORMATION
fixed length control field 170814b2016 ag ||||| |||| 001 0bspa d
020 ## - INTERNATIONAL STANDARD BOOK NUMBER
International Standard Book Number 9789871775316
050 04 - LIBRARY OF CONGRESS CALL NUMBER
Classification number K294
Item number E83 2016
100 1# - MAIN ENTRY--PERSONAL NAME
Personal name Alberto Etala, Carlos,
Relator term autor
245 10 - TITLE STATEMENT
Title Diccionario jurídico de interpretación y argumentación /
Statement of responsibility, etc Carlos Alberto Etala.
250 ## - EDITION STATEMENT
Edition statement Primera edición
260 ## - PUBLICATION, DISTRIBUTION, ETC. (IMPRINT)
Place of publication, distribution, etc Buenos Aires, Argentina :
Name of publisher, distributor, etc Marcial Pons,
Date of publication, distribution, etc 2016
300 ## - PHYSICAL DESCRIPTION
Extent 384 páginas ;
Dimensions 23 cm.
504 ## - BIBLIOGRAPHY, ETC. NOTE
Bibliography, etc Bibligrafía : p. 349-363
504 ## - BIBLIOGRAPHY, ETC. NOTE
Bibliography, etc Incluye índice
650 #7 - SUBJECT ADDED ENTRY--TOPICAL TERM
Source of heading or term lemb
Topical term or geographic name as entry element Interpretación jurídica
Form subdivision Diccionario
650 #7 - SUBJECT ADDED ENTRY--TOPICAL TERM
Topical term or geographic name as entry element Argumentación
Form subdivision Diccionario
942 ## - ADDED ENTRY ELEMENTS (KOHA)
Source of classification or shelving scheme Biblioteca del Cogreso de los Estados Unidos
Koha item type Libro
Holdings
Estado de pérdida Fuente de clasificación Estado del daño No para préstamo Ubicación permanente Ubicación actual Apartado o colección Fecha de adquisición Fuente de adquisición Edición Enumeración de Serie / Cronológica Dependencia de educación superior (DES) Área del conocimiento Clasificación Código de Barras Date last seen Número de copia Tipo de recurso
  Biblioteca del Cogreso de los Estados Unidos     Biblioteca de la Facultad de Derecho y Ciencias Sociales "Felipe J. Tena" Biblioteca de la Facultad de Derecho y Ciencias Sociales "Felipe J. Tena" Consulta 14/08/2017 Donación 1a ed. BFD000009453 Derecho Ciencias Sociales y Administrativas K294 E83 2016 BFD000009453 14/08/2017 1 Libro